| 000 | 00980nam a22003137a 4500 | ||
|---|---|---|---|
| 001 | 0039301 | ||
| 003 | KOHA_MİRAKIL | ||
| 005 | 20260207003126.0 | ||
| 007 | ta | ||
| 008 | 130108b1984 tu |||gr||||#||||1|tur | | ||
| 040 |
_aTR-BiSEU _btur _cTR-BiSEU _erda |
||
| 041 | 0 | _atur | |
| 044 | _ctu | ||
| 050 |
_aPL123 _b.E74 1984 |
||
| 100 | 1 | _aErgin, Muharrem. | |
| 245 | 1 |
_aTürk dil bilgisi/ _cMuharrem Ergin ; Muharrem Ergin. |
|
| 250 | _a10. bsk. | ||
| 264 | 1 |
_aİstanbul : _bBoğaziçi yayınları _c1984 |
|
| 300 |
_axxviii, 407 sayfa ; _c23 cm. |
||
| 336 |
_ametin _btxt _2rdacontent |
||
| 337 |
_aaracısız _bn _2rdamedia |
||
| 338 |
_acilt _bnc _2rdacarrier |
||
| 490 | 0 | _a Büyük kültür serisi | |
| 500 | _aİstanbul Üniversitesi Edebiyat Fakültesinin 785 numaralı yayımından aynı basım. | ||
| 650 | 0 |
_aTurkish language--Grammer. _959978 |
|
| 650 | 0 |
_aTürk dili--Gramer. _913266 |
|
| 830 | 0 |
_a Büyük kültür serisi _973140 |
|
| 942 |
_2lcc _cBK |
||
| 999 |
_c39180 _d39180 |
||